Statistiken für April-Ereignisse Quiz

Klicken Sie hier um das Quiz zu spielen!

Allgemein

  • Dieses Quiz wurde 190 mal gespielt
  • Das Durchschnittsergebnis liegt bei 18 aus 30

Antwortstatistiken

DatumJahrHinweisAntwort% Korrekt
15. April1912Dieses Schiff sinkt im NordatlantikRMS Titanic
97%
6. April1974Diese schwedische Band gewinnt den Eurovision Song ContestABBA
94%
20. April1889Dieser historische Bösewicht wird in Österreich geborenAdolf Hitler
93%
9. April1867Die USA kaufen dieses TerritoriumAlaska
92%
21. April753 v. Chr.Diese Stadt wird von Zwillingsbrüdern gegründetRom
91%
1. April1976Jobs, Wozniak und Wayne gründen diese FirmaApple Inc.
89%
7. April1906Neapel wird durch eine Eruption dieses Vulkans verwüstetVesuv
88%
19. April2005Dieser Mann wird zum Papst gewähltBenedikt XVI.
87%
26. April1986Dieses Kernkraftwerk erlebt eine katastrophale KernschmelzeTschernobyl
85%
11. April1814Abdankung dieses französischen AnführersNapoleon
84%
29. April2011Sie heiratet Prinz WilliamKate Middleton
80%
17. April1961Die Invasion in der Schweinebucht beginnt in diesem LandKuba
78%
14. April1865Er wird im Ford's Theatre erschossenAbraham Lincoln
77%
12. April1861Dieser Krieg beginnt bei Fort Sumter (South Carolina)Amerikanischer Bürgerkrieg
72%
4. April1968Dieser Mann wird in Memphis ermordetMartin Luther King, Jr.
67%
25. April404 v. Chr.Athen wird von diesem Stadtstaat besiegtSparta
65%
5. April1994Suizid dieses MusikersKurt Cobain
64%
2. April742Dieser Frankenkönig wird geborenKarl der Große
59%
18. April1980Dieses Land, früher als Rhodesien bekannt, wird unabhängigSimbabwe
49%
28. April1945Dieser frühere Anführer wird durch
ein Erschießungskommando exekutiert
Benito Mussolini
46%
30. April1803Die USA erwerben dieses Territorium von FrankreichLouisiana Territory
43%
23. April1616Er stirbt in Stratford-upon-AvonWilliam Shakespeare
41%
10. April1971Um Beziehungen zu verbessern lädt China
amerikanische Athleten dieser Sportart ein
Tischtennis
39%
13. April1204Kreuzfahrer erobern und plündern diese christliche StadtKonstantinopel
30%
24. April1898Die USA erklären diesem Land den KriegSpanien
27%
3. April1882Diesem Banditen wird von Robert Ford in den Rücken geschossenJesse James
21%
22. April1970Dieser Tag des Umweltschutzes wird zum ersten Mal gefeiertTag der Erde
15%
27. April1981Xerox führt diese Erfindung, wird später von Steve Jobs gestohlenComputermaus
13%
8. April1974Dieser Schläger übertrifft Babe Ruth's Home-Run-RekordHank Aaron
1%
16. April1990Dieser Doktor bietet zum ersten Mal Sterbehilfe anJack Kevorkian
1%

Verteilung der Resultate

Perzentil nach korrekt beantworteten Fragen

Anzahl Personen mit jedem Resultat

Ihre Resultats-Entwicklung

Sie haben dieses Quiz noch nicht gespielt